| 000 | 01770nam a2200505 i 4500 | ||
|---|---|---|---|
| 001 | 46294 | ||
| 003 | KOSZ 005 | ||
| 005 | 20220113141451.0 | ||
| 008 | 060703s2005 pl a f f |001 0 pol | ||
| 015 | _aUWD 2006/14061 | ||
| 020 | _a837361849X | ||
| 035 | _a991030808789705066 | ||
| 035 | _a(PL-WaBN)b18297523-48omnis_nlop | ||
| 035 | _ab18297523 | ||
| 035 | _a(OCoLC)749643526 | ||
| 035 | _azz2005848857 | ||
| 035 | _a(PL)b0000001829752 | ||
| 035 | _a(EXLNZ-48OMNIS_NETWORK)9910446445405606 | ||
| 040 |
_aWA N _cWA N _dKOSZ 005/HR |
||
| 041 | 1 |
_apol _heng |
|
| 046 | _k2005 | ||
| 080 | _a004.438 | ||
| 080 | _a(07) | ||
| 100 | 1 |
_aSutter, Herb _eAutor |
|
| 245 | 1 | 0 |
_aJęzyk C++ : _bstandardy kodowania : 101 zasad, wytycznych i zalecanych praktyk / _cHerb Sutter, Andrei Alexandrescu ; [tł. Przemysław Szeremiota]. |
| 246 | 1 |
_iTyt. oryg.: _aC++ coding standards : _b101 rules, guidelines, and best practices, _f2005 |
|
| 260 |
_aGliwice : _bWydawnictwo Helion, _ccop. 2005. |
||
| 300 |
_a319 s. : _bil. ; _c24 cm. |
||
| 336 |
_aTekst _btxt _2rdacontent |
||
| 337 |
_aBez urządzenia pośredniczącego _bn _2rdamedia |
||
| 338 |
_aWolumin _bnc _2rdacarrier |
||
| 380 | _aKsiążki | ||
| 380 | _aPublikacje fachowe | ||
| 388 | _a2001- | ||
| 504 | _aBibliogr. s. 287-293. Indeks. | ||
| 650 | 7 |
_aC++ (język programowania) _2DBN |
|
| 655 | 7 |
_aPodręcznik _2DBN |
|
| 658 | _aInformatyka i technologie informacyjne | ||
| 700 | 1 |
_aAlexandrescu, Andrei _eAutor |
|
| 700 | 1 |
_aSzeremiota, Przemysław _eTłumaczenie |
|
| 710 | 2 |
_aHelion _4pbl |
|
| 856 |
_uhttp://koha.tu.koszalin.pl/cgi-bin/koha/opac-detail.pl?biblionumber=46294 _yKatalog online BPK |
||
| 942 |
_2UKD _cKS |
||
| 999 |
_c46294 _d46294 |
||